01295nam a2200337 c 450000100060000000300100000600500170001600700030003300800570003602000180009304000350011104100080014608200240015410000370017824501170021525000450033226400550037730000180043233600270045033700330047733800280051049000350053850001060057350400380067952100410071754500690075865000520082765000290087965000180090870000310092658562CO-BoRNBP20250826213527.0ta210722r20152019ck er dspa d spa a9789588926100 aCO-BoRNBPbspaerdacCO-BoRNBP0 aspa04a305.80098bB41a222 aBlandón Mena, Melquicededeaut10aAfrodescendencia :bherederos de una tradición libertaria /cMelquiceded Blandón Mena, Arleison Arcos Rivas. aPrimera ediciónbPrimera reimpresión 1aBogotá, Colombia :bEdiciones Desde Abajo,c2019 a145 páginas atextobtxt2rdacontent asin mediaciónbn2rdamedia avolumenbnc2rdacarrier0 aColección primeros pasosv15 aEl material correspondiente a la dotación PNLB 2022, corresponde a la primera reimpresión de 2019 aBibliografía: páginas 135-145 aRecomendado para un público adulto aIncluye datos biográfico de los autores en la contracarátula07aDiscriminación racialzAmérica Latina2lemb07aLibertades civiles2lemb07aRacismo2lemb aArcos Rivas, Arleisoneaut